• 首页
  • 本馆介绍
  • 公告通知
  • 最新文献
  • 馆藏检索
  • 电子资源
  • 读者导购
  • 参考咨询
  • 我的图书馆
  • 登录
  • 详细信息显示
  • 放入我的书架
  • 预约/预借图书
  • 作者相关作品
  • 分类相关作品
  • 丛书相关作品
  • 出版社相关作品

书目信息

  • 表格格式
  • 工作单格式
  • 卡片格式
题名:
红白喜事主持辞及典型致辞
    
 
作者: 李佳 , 黄亚男 编著
分册:  
出版信息: 北京   中国物资出版社  2009
页数: 12,268页
开本: 24cm
丛书名:
单 册:
中图分类: H119
科图分类:
主题词: 主持人--语言艺术--中国 , 主持人 , 语言艺术
电子资源:
ISBN: 978-7-5047-3074-9
000 00884nam0 2200265 45
001 1138475203
005 20110419110608.00
010    @a978-7-5047-3074-9@dCNY32.00
100    @a20100118e20102009em y0chiy50 ea
101 0  @achi
102    @aCN@b110000
105    @ay z 000yy
106    @ar
200 1  @a红白喜事主持辞及典型致辞@AHong Bai Xi Shi Zhu Chi Ci Ji Dian Xing Zhi Ci@f李佳, 黄亚男编著@FLi Jia , Huang Ya Nan Bian Zhu
210    @a北京@c中国物资出版社@d2009@h2010
215    @a12,268页@d24cm
330    @a本书内容包括:婚礼主持辞及典型致辞、宴会主持辞及典型致辞、生日庆典主持辞及典型致辞、丧礼主持辞及典型致辞等。
606 0  @a主持人@x语言艺术@y中国
606 0  @a主持人
606 0  @a语言艺术
690    @aH119@v4
701  0 @a李佳@ALi Jia@4编著
701  0 @a黄亚男@AHuang Ya Nan@4编著
801  0 @aCN@bTANGWEI@c20110419
905    @b0536032-36@dH119@e108@f5
    
    红白喜事主持辞及典型致辞/李佳, 黄亚男编著.-北京:中国物资出版社,2009(2010)
    12,268页;24cm
    
    
    ISBN 978-7-5047-3074-9:CNY32.00
    本书内容包括:婚礼主持辞及典型致辞、宴会主持辞及典型致辞、生日庆典主持辞及典型致辞、丧礼主持辞及典型致辞等。
●
相关链接 在E读中查询图书 在五车中查询图书 在当当中查询图书 在豆瓣中查询图书


正题名:红白喜事主持辞及典型致辞     索取号:H119/108         预约/预借

序号 登录号 条形码 馆藏地/架位号 状态 备注
1 0536032   205360321   第二样本阅览室/ [索取号:H119/108] 在馆    
2 0536033   205360330   第四借阅区/ [索取号:H119/108] 在馆    
3 0536034   205360349   第四借阅区/ [索取号:H119/108] 在馆    
4 0536035   205360358   第四借阅区/ [索取号:H119/108] 在馆    
5 0536036   205360367   第四借阅区/ [索取号:H119/108] 在馆    
唐山师范学院图书馆 欢迎您!
大连网信软件有限公司© 版权所有